|
|
|
|
| LEADER |
00000nam0a2200000 4500 |
| 001 |
198226 |
| 005 |
20231101224812.0 |
| 010 |
|
|
|a 5343005861
|
| 020 |
|
|
|a BY
|b 90-59242
|
| 035 |
|
|
|a (RuTPU)RU\TPU\book\216213
|
| 090 |
|
|
|a 198226
|
| 100 |
|
|
|a 20110625d1990 km y0rusy5003 ca
|
| 101 |
0 |
|
|a rus
|
| 102 |
|
|
|a BY
|
| 105 |
|
|
|a a z 001zy
|
| 200 |
1 |
|
|a Континентальные палеоген-неогеновые отложения юго-востока Белоруссии. Минеральный состав и условия формирования
|f Я. И. Аношко
|g Академия наук Белорусской ССР (АН БССР), Институт геохимии и геофизики
|
| 210 |
|
|
|a Минск
|c Навука i тэхнiка
|d 1990
|
| 215 |
|
|
|a 156 с.
|c ил.
|d 26 см
|
| 320 |
|
|
|a Библиогр.: с. 142-156 (329 назв.).
|
| 606 |
|
|
|a Палеогеновые отложения
|2 stltpush
|3 (RuTPU)RU\TPU\subj\47962
|9 66845
|
| 606 |
|
|
|a Неогеновые отложения
|2 stltpush
|3 (RuTPU)RU\TPU\subj\45409
|9 64651
|
| 610 |
1 |
|
|a Белоруссия
|
| 610 |
1 |
|
|a формирование
|
| 610 |
1 |
|
|a минеральный состав
|
| 610 |
1 |
|
|a палеогеографические реконструкции
|
| 610 |
1 |
|
|a осадконакопление
|
| 610 |
1 |
|
|a тяжелые металлы
|
| 610 |
1 |
|
|a россыпи
|
| 610 |
1 |
|
|a россыпеобразующие минералы
|
| 610 |
1 |
|
|a титан
|
| 610 |
1 |
|
|a цирконий
|
| 675 |
|
|
|a 551.781
|z rus
|
| 675 |
|
|
|a 551.782
|z rus
|
| 700 |
|
1 |
|a Аношко
|b Я. И.
|g Ядвига Ивановна
|4 070
|
| 712 |
0 |
2 |
|a Академия наук Белорусской ССР (АН БССР)
|b Институт геохимии и геофизики
|2 stltpush
|3 (RuTPU)RU\TPU\col\11735
|
| 801 |
|
0 |
|a RU
|b RuMRKP
|c 19950417
|g psbo
|
| 801 |
|
1 |
|a RU
|b 63413507
|c 20110625
|
| 801 |
|
2 |
|a RU
|b 63413507
|c 20171108
|g RCR
|
| 942 |
|
|
|c BK
|